Flora das cangas da Serra dos Carajás, Pará, Brasil: Clusiaceae (Registro n. 331438)
[ somente texto ]
| 000 -LÍDER | |
|---|---|
| fixed length control field | 02084nab a2200265 i 4500 |
| 003 - CÓDIGO MARC DA AGÊNCIA CATALOGADORA | |
| Campo de controle | BR-BrBNA |
| 005 - DATA E HORA DA ÚLTIMA ATUALIZAÇÃO | |
| Campo de controle | 20250512155945.0 |
| 008 - CAMPO DE TAMANHO FIXO | |
| fixed length control field | 250512b2017 bl.qr|pooa||| 00| 0 por | |
| 040 ## - FONTE DA CATALOGAÇÃO | |
| Agência catalogadora | BR-BrBNA |
| Idioma da catalogação | por |
| 072 ## - CATEGORIA AGRIS | |
| Código AGRIS | F70 |
| 100 ## - ENTRADA PRINCIPAL - NOME PESSOAL | |
| Nome pessoal | Alencar, Ana Cláudia |
| 100 ## - ENTRADA PRINCIPAL - NOME PESSOAL | |
| Nome pessoal | Marinho, Lucas Cardoso |
| 245 ## - TÍTULO PRINCIPAL | |
| Título principal | Flora das cangas da Serra dos Carajás, Pará, Brasil: Clusiaceae |
| 500 ## - NOTA GERAL | |
| Nota geral | Publicação on-line; 25 ref.; 3 illus.; Summaries (En, Pt) |
| 942 ## - ADDED ENTRY ELEMENTS (KOHA) | |
| Koha item type | Analítica |
| 520 ## - NOTA DE RESUMO | |
| Nota de conteúdo | <br/><br/>Resumo<br/><br/>Apresentamos o tratamento de Clusiaceae para a flora das cangas da Serra dos Carajás, Pará, Brasil. São<br/>reconhecidas três espécies de Clusia: C. nemorosa, C. panapanari e C. aff. weddelliana, além de Garcinia<br/>madruno e Symphonia globulifera. Clusia aff. weddelliana apresenta algumas diferenças marcantes com<br/>os demais espécimes provenientes de outras localidades do Pará. São apresentadas descrições, ilustrações e<br/>comentários taxonômicos sobre as espécies.<br/><br/>Palavras-chave: estado do Pará, Floresta Nacional de Carajás, Guttiferae, Malpighiales, taxonomia.<br/><br/><br/><br/><br/>Abstract<br/><br/>We present the treatment of Clusiaceae for the flora of the cangas of Serra dos Carajás, Pará, Brazil. Three<br/>species of Clusia are recognized: C. nemorosa, C. panapanari, and C. aff. weddelliana, as well as Garcinia<br/>madruno and Symphonia globulifera. Clusia aff. weddelliana have marked differences with the specimens<br/>from other localities of the Pará state. Descriptions, illustrations and taxonomic comments are presented.<br/><br/>Key words: Pará state, National Forest of Carajás, Guttiferae, Malpighiales, taxonomy. |
| 650 ## - ASSUNTO - THESAGRO | |
| Cabeçalho tópico ou nome geográfico | PARÁ |
| 650 ## - ASSUNTO - THESAGRO | |
| Cabeçalho tópico ou nome geográfico | FLORESTA |
| 650 ## - ASSUNTO - THESAGRO | |
| Cabeçalho tópico ou nome geográfico | CARAJÁS |
| 650 ## - ASSUNTO - THESAGRO | |
| Cabeçalho tópico ou nome geográfico | GUTTIFERAE |
| 650 ## - ASSUNTO - THESAGRO | |
| Cabeçalho tópico ou nome geográfico | TAXONOMIA |
| 773 0# - ENTRADA ANALÍTICA | |
| Host Biblionumber | 709 |
| Registro do item | 350025 |
| Imprenta | Rio de Janeiro-RJ Jardim Botanico do Rio de Janeiro 1935 |
| Outro identificador | 2025-2634 |
| Título | Rodriguésia (Brazil) |
| ISSN | 0370-6583; 2175-7860 on-line |
| Colação | v. 68(3 special number) p. 935-944; (2017) |
| Número de controle de registro | BR2025000929 |
| 856 ## - ACESSO E ENDEREÇO ELETRÔNICO | |
| Identificador uniforme de recurso - URI | https://www.scielo.br/j/rod/a/JGfZhTzLZDw3tZcXcQmjZ4t/?format=pdf&lang=pt |
Nenhum exemplar disponível.

BINAGRI